00000000nam##2200000za#4500
0019.641833
003CaOODSP
00520210624223416
007cr |||||||||||
008150407|1998||||xxc|||||o    f|0| 0 fre|d
040 |aCaOODSP|bfre
043 |an-cn---
0861 |aRH64-41/1998F-PDF
1101 |aCanada.|bDéveloppement des ressources humaines Canada. |bPolitique stratégique.
24510|aAppels en matière d'assurance-emploi - étude d'évaluation pilote : |h[ressource électronique]|brapport final / |c[par] Évaluation et développement des données.
260 |aOttawa - Ontario : |bDéveloppement des ressources humaines Canada. |cDécembre 1998.
300 |a28p.
590 |a13-12-Supp|b2013-05-10
69107|aAssurance-emploi|2gcpds
69107|aAppel|2gcpds
77508|tEmployment insurance appeals pilot evaluation study : |w(CaOODSP)9.697831
85640|ahttp://publications.gc.ca|qPDF|s62 Ko|uhttps://publications.gc.ca/collections/collection_2013/rhdcc-hrsdc/RH64-41-1998-fra.pdf
986 |aSP-AH074F-12-98